Estudio filogeográfico de Iridosornis porphyrocephala, usando marcadores moleculares por la conservación de una especie amenazada y endémica de Colombia y Ecuador (Registro nro. 6450)

Detalles MARC
000 -CABECERA
Campo de control 01199nam a2200301 a 4500
005 - FECHA Y HORA DE LA ULTIMA TRANSACCION
Campo de control 20200104041609.0
008 - ELEMENTOS DE LONGITUD FIJA—INFORMACION GENERAL
Campo de control 130806b2007 ck ||||| |||| 00| 0 spa d
040 ## - FUENTE DE CATALOGACIÓN
Agencia transcriptora CO-BoIH
041 ## - IDIOMA
Código de idioma para texto/pista de sonido o título separado Español
044 ## - PAÍS DE PUBLICACIÓN
País de publicación Colombia
090 ## - CLASIFICACIÓN LOCAL
Colección IAVH
Consecutivo 01210
100 ## - ASIENTO PRINCIPAL--NOMBRE PERSONAL
Nombre personal Sedano Cruz, Raúl E.
245 ## - MENCION DE TITULO
Título Estudio filogeográfico de Iridosornis porphyrocephala, usando marcadores moleculares por la conservación de una especie amenazada y endémica de Colombia y Ecuador
Parte restante del título informe final
260 ## - PUBLICACION, DISTRIBUCION, ETC. (PIE DE IMPRENTA)
Lugar de publicación, distribución, etc. Palmira, Valle
Nombre del editor, distribuidor, etc. IAVH
Fecha de publicación, distribución, etc. 2008
300 ## - DESCRIPCION FISICA
Extensión 46 p.
Otros detalles físicos tablas
500 ## - NOTA GENERAL
Nota general Informe final (parcial)
505 ## - NOTA DE CONTENIDO
Nota de contenido El objetivo es caracterizar algunos aspectos de la filogeografía de Iridosornis porphyrocephala utilizando los marcadores moleculares ADNmt y microsatélites.
650 ## - ASIENTO SECUNDARIO DE MATERIA - TERMINO TEMATICO
Término temático o nombre geográfico como elemento de entrada Analisis filogenético
650 ## - ASIENTO SECUNDARIO DE MATERIA - TERMINO TEMATICO
Término temático o nombre geográfico como elemento de entrada ADNmt
650 ## - ASIENTO SECUNDARIO DE MATERIA - TERMINO TEMATICO
Término temático o nombre geográfico como elemento de entrada Iridosornis porphyrocephala
Subdivisión geográfica Colombia
-- Ecuador
650 ## - ASIENTO SECUNDARIO DE MATERIA - TERMINO TEMATICO
Término temático o nombre geográfico como elemento de entrada Conservación de especies
650 ## - ASIENTO SECUNDARIO DE MATERIA - TERMINO TEMATICO
Término temático o nombre geográfico como elemento de entrada Especies amenazadas
662 ## - ASIENTO SECUNDARIO DE MATERIA - JERARQUIA DEL NOMBRE DE LUGAR(
País o entidad mayor Colombia
Jurisdicción política intermedia Cordillera occidental
662 ## - ASIENTO SECUNDARIO DE MATERIA - JERARQUIA DEL NOMBRE DE LUGAR(
País o entidad mayor Colombia
Jurisdicción política intermedia Cordillera central
700 ## - ASIENTO SECUNDARIO - NOMBRE PERSONAL
Nombre personal López Alvarez, Diana C.
700 ## - ASIENTO SECUNDARIO - NOMBRE PERSONAL
Nombre personal Palacio, Juan Diego
942 ## - ELEMENTOS ADICIONALES (KOHA)
Tipo de ítem Informe Técnico
Sistema de clasificación Local
Existencias
Withdrawn status Lost status Sistema de Clasificación Damaged status No para préstamo Colección Inventariado Ubicación Permanente Ubicación actual Fecha de adquisición Total Checkouts Número topográfico Inventario / Código de Barras Date last seen Ejemplar Price effective from Forma de adquisición Tipo de material
    Local     Humboldt Inventariado 2017 Bogotá Bogotá 31/07/2008   IAVH-01210 058294 09/08/2024 Ej. 2 04/12/2012   Informe Técnico